[Event "Interclubs Adultes"]
[Site "BELFORT"]
[Date "25.??.??"]
[Round "3.2"]
[White "Velikov, Petar"]
[Black "Vatter, Hans-Joachim"]
[Result "1/2-1/2"]
[WhiteElo "2426"]
[BlackElo "2326"]
[PlyCount "40"]
[EventDate "25.??.??"]
[WhiteTeam "Vincennes"]
[BlackTeam "Gambsheim"]

1. Nf3 d6 2. c4 e5 3. d4 e4 4. Ng5 f5 5. Nc3 Nf6 6. e3 h6 7. Nh3 g5 8. Ng1 c6
9. h4 g4 10. Nge2 Nh5 11. Bd2 Nd7 12. Qb3 Qf6 13. O-O-O a6 14. Ng3 Nxg3 15.
fxg3 Qf7 16. Ne2 Nf6 17. Nf4 Nh5 18. Nxh5 Qxh5 19. Bc3 Rh7 20. d5 c5 1/2-1/2

[Event "Interclubs Adultes"]
[Site "BELFORT"]
[Date "25.??.??"]
[Round "3.3"]
[White "Marzolf, Bruno"]
[Black "Rabeyrin, Jean-Jacques"]
[Result "0-1"]
[WhiteElo "2252"]
[BlackElo "2305"]
[PlyCount "68"]
[EventDate "25.??.??"]
[WhiteTeam "Gambsheim"]
[BlackTeam "Vincennes"]

1. e4 c5 2. Nf3 d6 3. Bb5+ Bd7 4. Bxd7+ Qxd7 5. O-O g6 6. c3 Bg7 7. d4 cxd4 8.
cxd4 e6 9. Nc3 Ne7 10. Bf4 O-O 11. Qb3 Nbc6 12. Rfe1 d5 13. Ne5 Nxe5 14. dxe5
d4 15. Nb5 Nc6 16. Qg3 a6 17. Nd6 h6 18. h4 Qe7 19. Rac1 Rfd8 20. Rc4 Rab8 21.
Kf1 Rd7 22. b3 Rc7 23. Rec1 Qd7 24. a4 b5 25. axb5 axb5 26. R4c2 Rb6 27. Kg1
Ra7 28. Nxb5 Rab7 29. Nd6 Rb8 30. b4 d3 31. Rc4 Nxe5 32. Bxe5 Bxe5 33. Qxe5
Rxd6 34. Rc7 d2 0-1

[Event "Interclubs Adultes"]
[Site "BELFORT"]
[Date "25.??.??"]
[Round "3.5"]
[White "Mohebbi, Jaffar"]
[Black "Carbonnel, Pierre"]
[Result "1-0"]
[WhiteElo "2266"]
[BlackElo "2311"]
[PlyCount "75"]
[EventDate "25.??.??"]
[WhiteTeam "Gambsheim"]
[BlackTeam "Vincennes"]

1. d4 Nf6 2. Nf3 g6 3. Nc3 d6 4. e4 Bg7 5. h3 O-O 6. Be3 c6 7. a4 b6 8. Be2 Qc7
9. O-O Nbd7 10. Nd2 Bb7 11. f4 e6 12. Qe1 Rae8 13. Qh4 c5 14. Bf3 a6 15. e5
cxd4 16. Bxd4 Nd5 17. Nce4 dxe5 18. fxe5 Nxe5 19. Be2 Ng4 20. hxg4 Bxd4+ 21.
Kh1 Bg7 22. g5 Ne3 23. Rf3 Nf5 24. Qh3 f6 25. gxf6 Bxf6 26. Nxf6+ Rxf6 27. Rc3
Qf4 28. Rd3 Qh4 29. Qxh4 Nxh4 30. Nf3 Nf5 31. Ne5 Be4 32. Rc3 Nd4 33. Bf3 Bxf3
34. gxf3 Rf5 35. Re1 Ref8 36. Kg2 Rg5+ 37. Kf2 Rff5 38. Rc8+ 1-0

[Event "Interclubs Adultes"]
[Site "BELFORT"]
[Date "25.??.??"]
[Round "3.6"]
[White "Peyrat, Olivier"]
[Black "Schott, Raimund"]
[Result "1/2-1/2"]
[WhiteElo "2246"]
[BlackElo "2102"]
[PlyCount "157"]
[EventDate "25.??.??"]
[WhiteTeam "Vincennes"]
[BlackTeam "Gambsheim"]

1. Nf3 Nf6 2. c4 e6 3. g3 d5 4. Bg2 Be7 5. O-O O-O 6. b3 b6 7. Bb2 Bb7 8. e3 c5
9. Nc3 Nbd7 10. Qe2 a6 11. d3 Qc7 12. Rac1 Rac8 13. h3 Rfd8 14. Rfe1 dxc4 15.
bxc4 Bc6 16. a4 Qb7 17. Red1 Qa8 18. e4 Ne8 19. e5 Nxe5 20. Nxe5 Bxg2 21. f3
Bxh3 22. g4 Bg5 23. Kh2 Bxc1 24. Rxc1 f6 25. Kxh3 fxe5 26. Kg2 Qc6 27. Rd1 Nf6
28. Kf2 Rf8 29. Ke3 Qd6 30. Kd2 e4 31. Kc2 exf3 32. Qxf3 Nd5 33. Qe2 Nf4 34.
Qh2 Qc6 35. Rd2 Rcd8 36. Qg3 Rd7 37. Qe3 Rdf7 38. Kb3 b5 39. axb5 axb5 40. Kc2
b4 41. Ne4 b3+ 42. Kc1 Ng6 43. Rd1 Rf3 44. Qxc5 Qxc5 45. Nxc5 Nf4 46. Be5 Rc8
47. Bxf4 Rxc5 48. Bd6 Rc6 49. c5 Rf2 50. Rd2 Rf7 51. Kb2 Rb7 52. Kc3 h6 53. Rb2
Kf7 54. d4 g6 55. Rf2+ Kg7 56. Be5+ Kg8 57. Rb2 h5 58. g5 Kf8 59. Kc4 Ke8 60.
d5 exd5+ 61. Kxd5 Rc8 62. Bd6 h4 63. Ke6 Rf7 64. Rxb3 Rf2 65. Rh3 Re2+ 66. Kf6
Re4 67. Kxg6 Kd7 68. Kf7 Ra8 69. g6 Rg4 70. g7 Ra1 71. Bf8 Rf1+ 72. Kg8 Rfg1
73. Rd3+ Kc6 74. Rf3 R1g3 75. Rf6+ Kd7 76. Rd6+ Kc8 77. Rc6+ Kd7 78. Rd6+ Kc8
79. Rc6+ 1/2-1/2

[Event "Interclubs Adultes"]
[Site "BELFORT"]
[Date "25.??.??"]
[Round "3.7"]
[White "Engelmann, Herve"]
[Black "Schabanel, Stephane"]
[Result "0-1"]
[WhiteElo "2082"]
[BlackElo "2268"]
[PlyCount "74"]
[EventDate "25.??.??"]
[WhiteTeam "Gambsheim"]
[BlackTeam "Vincennes"]

1. e4 c5 2. Nf3 d6 3. d4 cxd4 4. Qxd4 a6 5. Nc3 Nc6 6. Qd1 Nf6 7. Be2 g6 8. O-O
Bg7 9. h3 O-O 10. Be3 b5 11. a3 Bb7 12. Nd2 Ne5 13. f4 Nc4 14. Nxc4 bxc4 15.
Bf3 Qc7 16. Qe2 Nd7 17. Rad1 Rab8 18. Rb1 Ba8 19. Na4 Rfc8 20. Rfc1 Qa5 21. b3
c3 22. Qd3 Bc6 23. e5 Bb5 24. Qd5 dxe5 25. fxe5 e6 26. Qe4 Nxe5 27. Ba7 Bc6 28.
Qf4 Nxf3+ 29. gxf3 Rb7 30. Bd4 e5 31. Qg5 f6 32. Qg4 f5 33. Bxc3 Qxc3 34. Nxc3
fxg4 35. fxg4 Bf3 36. Na4 Bh6 37. Rf1 Be3+ 0-1

[Event "Interclubs Adultes"]
[Site "BELFORT"]
[Date "25.??.??"]
[Round "3.8"]
[White "Descroix, Claire"]
[Black "Criqui, Laurence"]
[Result "0-1"]
[WhiteElo "1649"]
[BlackElo "1640"]
[PlyCount "86"]
[EventDate "25.??.??"]
[WhiteTeam "Vincennes"]
[BlackTeam "Gambsheim"]

1. e4 e5 2. Nf3 Nc6 3. d4 exd4 4. Bc4 Bc5 5. Ng5 Ne5 6. Bxf7+ Nxf7 7. Nxf7 Kxf7
8. Qh5+ Kf8 9. Qxc5+ d6 10. Qxd4 Qh4 11. O-O Nf6 12. f3 Be6 13. Bd2 Rg8 14. b3
b6 15. Qd3 Qh5 16. Re1 Re8 17. Na3 Qc5+ 18. Kh1 Qxa3 19. e5 dxe5 20. Rxe5 Qd6
21. Qe2 Bd7 22. Re1 Rxe5 23. Qxe5 Qxe5 24. Rxe5 Kf7 25. Re3 Re8 26. Rc3 c5 27.
Kg1 Re2 28. Bg5 Bb5 29. Bxf6 Kxf6 30. a3 Re1+ 31. Kf2 Rf1+ 32. Kg3 g5 33. h3 h5
34. Re3 h4+ 35. Kh2 Rc1 36. c4 Bc6 37. Re2 Rb1 38. Rd2 Ke6 39. Re2+ Kf6 40. Rd2
Be8 41. Re2 Bg6 42. Re3 Bc2 43. Rc3 Bxb3 0-1

[Event "Interclubs Adultes"]
[Site "BELFORT"]
[Date "25.??.??"]
[Round "3.1"]
[White "Popovic, Petar"]
[Black "Istratescu, Andrei"]
[Result "1/2-1/2"]
[WhiteElo "2474"]
[BlackElo "2631"]
[PlyCount "31"]
[EventDate "25.??.??"]
[WhiteTeam "Mulhouse II"]
[BlackTeam "Belfort"]

1. e4 e5 2. Nf3 Nc6 3. Nc3 Nf6 4. Bb5 Bb4 5. O-O O-O 6. d3 Bxc3 7. bxc3 d6 8.
Bxc6 bxc6 9. h3 h6 10. Re1 c5 11. Nh2 Be6 12. f4 exf4 13. Bxf4 Nd7 14. Qd2 f5
15. exf5 Bxf5 16. Re2 1/2-1/2

[Event "Interclubs Adultes"]
[Site "BELFORT"]
[Date "25.??.??"]
[Round "3.2"]
[White "Vajda, Levente"]
[Black "Lerch, Patrice"]
[Result "1-0"]
[WhiteElo "2564"]
[BlackElo "2306"]
[PlyCount "65"]
[EventDate "25.??.??"]
[WhiteTeam "Belfort"]
[BlackTeam "Mulhouse II"]

1. e4 c5 2. c3 d6 3. d4 Nf6 4. Bd3 g6 5. Nf3 Bg7 6. O-O O-O 7. h3 Qc7 8. Bg5
Rd8 9. Nbd2 h6 10. Be3 a6 11. Qe2 Nbd7 12. b4 b5 13. bxc5 dxc5 14. Rac1 Bb7 15.
e5 Nd5 16. e6 c4 17. Bb1 fxe6 18. Bxg6 e5 19. Bf5 exd4 20. Bxh6 Nf8 21. Be6+
Kh8 22. Bxg7+ Kxg7 23. Nxd4 Nf6 24. N2f3 Be4 25. Bf5 Bxf3 26. Qxf3 Kh8 27. Qe3
e5 28. Nf3 Re8 29. Rfe1 Qg7 30. Nxe5 Rad8 31. Qf4 Kg8 32. Ng4 Nxg4 33. Bxg4 1-0

[Event "Interclubs Adultes"]
[Site "BELFORT"]
[Date "25.??.??"]
[Round "3.4"]
[White "Monsieux, Cyril"]
[Black "Riff, Vincent"]
[Result "1/2-1/2"]
[WhiteElo "2342"]
[BlackElo "2303"]
[PlyCount "25"]
[EventDate "25.??.??"]
[WhiteTeam "Belfort"]
[BlackTeam "Mulhouse II"]

1. e4 c5 2. Nf3 Nc6 3. d4 cxd4 4. Nxd4 e5 5. Nb5 d6 6. c4 Be7 7. b3 f5 8. Bd3
f4 9. g3 Nf6 10. gxf4 exf4 11. Bxf4 O-O 12. Bg3 Ng4 13. Be2 1/2-1/2

[Event "Interclubs Adultes"]
[Site "BELFORT"]
[Date "25.??.??"]
[Round "3.5"]
[White "Fargere, Francois"]
[Black "Monsieux, Sebastien"]
[Result "1/2-1/2"]
[WhiteElo "2325"]
[BlackElo "2081"]
[PlyCount "69"]
[EventDate "25.??.??"]
[WhiteTeam "Mulhouse II"]
[BlackTeam "Belfort"]

1. Nf3 g6 2. c4 Bg7 3. Nc3 c6 4. d4 d6 5. g3 Nf6 6. Bg2 O-O 7. O-O Qc7 8. h3
Nbd7 9. e4 e5 10. Re1 a6 11. Be3 b5 12. cxb5 axb5 13. a3 Qb7 14. dxe5 dxe5 15.
b4 Re8 16. Nd2 Nb6 $11 17. Bf1 Be6 18. Nb3 Bxb3 19. Qxb3 Na4 20. Bg2 Nd7 21.
Nxa4 Rxa4 22. Rad1 Rea8 23. Bc1 Nf8 24. Bb2 Ne6 25. Rd2 Nd4 26. Qe3 Qa7 27. Rc1
Rxa3 28. Bxa3 Qxa3 29. Qxa3 Rxa3 30. Rb2 Bf8 31. Bf1 Ra4 32. Rcb1 Ra3 33. Rc1
Ra4 34. Rcb1 Ra3 35. Rc1 1/2-1/2

[Event "Interclubs Adultes"]
[Site "BELFORT"]
[Date "25.??.??"]
[Round "3.6"]
[White "Bangnoi, Alexandre"]
[Black "Leburgue, Sylvain"]
[Result "0-1"]
[WhiteElo "2098"]
[BlackElo "2234"]
[PlyCount "92"]
[EventDate "25.??.??"]
[WhiteTeam "Belfort"]
[BlackTeam "Mulhouse II"]

1. f4 d5 2. Nf3 Bg4 3. e3 Nf6 4. b3 e6 5. Bb2 Be7 6. Be2 Bxf3 7. Bxf3 O-O 8.
O-O c5 9. d3 Nc6 10. Nd2 Rc8 11. a4 Ne8 12. e4 Nd4 13. c3 Nxf3+ 14. Rxf3 Qd7
15. Rh3 g6 16. Qe2 f5 17. exd5 exd5 18. Nf3 Bf6 19. Ne5 Bxe5 20. Qxe5 Nf6 21.
Qe2 Rfe8 22. Re3 Ng4 23. Rxe8+ Rxe8 24. Qd2 Qe6 25. h3 Nf6 26. Kf2 Nh5 27. Ba3
c4 28. dxc4 dxc4 29. bxc4 Qxc4 30. g3 Nf6 31. Qa2 Ne4+ 32. Kf3 Qxa2 33. Rxa2
Nxc3 34. Rb2 b6 35. a5 Nd5 36. axb6 Re3+ 37. Kf2 axb6 38. Bd6 Rd3 39. Be5 Kf7
40. Ra2 Ke6 41. Ra7 h5 42. Rb7 h4 43. gxh4 Rxh3 44. Rh7 b5 45. Kg2 Rb3 46. Rh6
Ne3+ 0-1

[Event "Interclubs Adultes"]
[Site "BELFORT"]
[Date "25.??.??"]
[Round "3.7"]
[White "Tournier, Pascal"]
[Black "Tachikart, Yassin"]
[Result "0-1"]
[WhiteElo "2122"]
[BlackElo "2074"]
[PlyCount "64"]
[EventDate "25.??.??"]
[WhiteTeam "Mulhouse II"]
[BlackTeam "Belfort"]

1. e4 e5 2. Nf3 Nc6 3. Bb5 a6 4. Ba4 Nf6 5. O-O Be7 6. Re1 b5 7. Bb3 O-O 8. a4
Bb7 9. Nc3 Nd4 10. Nxd4 exd4 11. Nd5 Nxd5 12. Bxd5 c6 13. Bb3 d3 14. cxd3 Bc5
15. Qf3 Bd4 16. Ra2 Qe7 17. Bc2 c5 18. Qg3 f5 19. e5 d6 20. axb5 axb5 21. Rxa8
Bxa8 22. Bb3+ Kh8 23. e6 Rf6 24. Qh4 Qb7 25. Qg5 Qe7 26. h4 Bxg2 27. Bd1 Bd5
28. Bh5 h6 29. Qf4 Rxe6 30. Rxe6 Qxe6 31. Kf1 Be5 32. Qe3 f4 0-1

[Event "Interclubs Adultes"]
[Site "BELFORT"]
[Date "25.??.??"]
[Round "3.8"]
[White "Cechetto, Lea"]
[Black "Richard, Emma"]
[Result "1/2-1/2"]
[WhiteElo "1728"]
[BlackElo "1955"]
[PlyCount "33"]
[EventDate "25.??.??"]
[WhiteTeam "Belfort"]
[BlackTeam "Mulhouse II"]

1. e4 c5 2. Nf3 Nc6 3. d4 cxd4 4. Nxd4 e5 5. Nf3 Nf6 6. Bc4 Bc5 7. O-O h6 8.
Nc3 O-O 9. h3 d6 10. Qd3 Be6 11. Rd1 Nd4 12. Nxd4 Bxc4 13. Qxc4 Bxd4 14. Ne2
Bb6 15. a3 Nh5 16. Rd3 Rc8 17. Qb3 1/2-1/2

[Event "Nationale 1 Grasse-Toulouse"]
[Site "Avignon"]
[Date "2007.11.25"]
[Round "3.5"]
[White "Abravanel, C."]
[Black "Tournier, M."]
[Result "1/2-1/2"]
[WhiteElo "2337"]
[BlackElo "2225"]
[Annotator "Avignon,Club"]
[PlyCount "29"]
[EventDate "2007.??.??"]

{159MB, DFritz10.ctg} 1. e4 e5 2. Nf3 Nc6 3. Bb5 a6 4. Ba4 Nf6 5. Qe2 b5 6. Bb3
Be7 7. a4 b4 8. d4 d5 9. exd5 Nxd4 10. Nxd4 exd4 11. Qc4 O-O 12. O-O Bb7 13.
Qxd4 Bxd5 14. Bxd5 Nxd5 15. Nd2 1/2-1/2

[Event "Nationale 1 Besançon-Cannes"]
[Site "Avignon"]
[Date "2007.11.25"]
[Round "3.2"]
[White "Claverie, C."]
[Black "Guidarelli, L."]
[Result "1/2-1/2"]
[WhiteElo "2320"]
[BlackElo "2444"]
[Annotator "Avignon,Club"]
[PlyCount "31"]
[EventDate "2007.??.??"]

{159MB, DFritz10.ctg} 1. d4 d5 2. Nf3 Nf6 3. g3 b5 4. Bg2 e6 5. O-O Bb7 6. c3
c5 7. a4 b4 8. cxb4 cxb4 9. a5 Bd6 10. Bf4 Bxf4 11. gxf4 Qd6 12. Ne5 Na6 13. e3
O-O 14. Nd2 Nd7 15. Qa4 Ndb8 16. Rfc1 1/2-1/2

[Event "Nationale 1 Toulouse-Grasse"]
[Site "Avignon"]
[Date "2007.11.25"]
[Round "3.6"]
[White "Benmesbah, N."]
[Black "Forestier, F."]
[Result "1-0"]
[WhiteElo "2211"]
[BlackElo "2187"]
[Annotator "Avignon,Club"]
[PlyCount "39"]
[EventDate "2007.??.??"]

{159MB, DFritz10.ctg} 1. e4 e6 2. d4 d5 3. Nc3 Nf6 4. Bd3 dxe4 5. Nxe4 Nbd7 6.
Nf3 Be7 7. O-O Nxe4 8. Bxe4 Nf6 9. Bd3 O-O 10. Ne5 c5 11. dxc5 Bxc5 12. Qe2 b6
13. Bg5 Bb7 14. Rad1 Qc7 15. Bxf6 gxf6 16. Nd7 f5 17. Qh5 Qc6 18. Nf6+ Kg7 19.
Qg5+ Kh8 20. Be4 1-0

[Event "Nationale 1 Avignon-Lyon"]
[Site "Avignon"]
[Date "2007.11.25"]
[Round "3.3"]
[White "Meynard, T."]
[Black "Benitah, Y."]
[Result "1/2-1/2"]
[WhiteElo "2288"]
[BlackElo "2423"]
[Annotator "Avignon,Club"]
[PlyCount "46"]
[EventDate "2007.??.??"]

{159MB, DFritz10.ctg} 1. d4 d5 2. c4 c6 3. Nc3 Nf6 4. e3 Bf5 5. Nf3 e6 6. Nh4
Bg4 7. Qb3 b6 8. h3 Bh5 9. g4 dxc4 10. Qxc4 Nd5 11. Nf3 Bg6 12. Ne5 Nb4 13.
Nxg6 hxg6 14. Qb3 a5 15. a3 Nd5 16. e4 Nxc3 17. bxc3 a4 18. Qb2 Nd7 19. e5 b5
20. Bg2 Rc8 21. O-O Nb6 22. f4 Qd7 23. Qe2 Be7 1/2-1/2

[Event "Nationale 1 Besançon-Cannes"]
[Site "Avignon"]
[Date "2007.11.25"]
[Round "3.8"]
[White "Jeannerot, L."]
[Black "Verot, M."]
[Result "0-1"]
[WhiteElo "1994"]
[BlackElo "2112"]
[Annotator "Avignon,Club"]
[PlyCount "40"]
[EventDate "2007.??.??"]

{159MB, DFritz10.ctg} 1. e4 d5 2. exd5 Qxd5 3. Nc3 Qd6 4. Nf3 Nf6 5. h3 a6 6.
Bc4 Nc6 7. O-O Bf5 8. d3 e6 9. Re1 Be7 10. Ng5 Nd4 11. Nge4 Qd7 12. Nxf6+ gxf6
13. Ne4 Rg8 14. Ng3 Qc6 15. Kh2 b5 16. Bb3 O-O-O 17. Be3 Bc5 18. Rg1 Bg6 19.
Ne2 Bh5 20. Nxd4 Qd6+ 0-1

[Event "Nationale 1 Cannes-Besançon"]
[Site "Avignon"]
[Date "2007.11.25"]
[Round "3.5"]
[White "Kerbrat, J."]
[Black "Vesin, JR."]
[Result "1-0"]
[WhiteElo "2171"]
[BlackElo "2286"]
[Annotator "Avignon,Club"]
[PlyCount "67"]
[EventDate "2007.??.??"]

{159MB, DFritz10.ctg} 1. e4 c5 2. Nf3 g6 3. c4 Bg7 4. Nc3 Nc6 5. d3 e6 6. Be3
Nd4 7. Bxd4 cxd4 8. Nb5 a6 9. Qa4 Nh6 10. Qa3 axb5 11. Qxa8 bxc4 12. dxc4 O-O
13. Bd3 d5 14. O-O Qb6 15. Qa3 dxe4 16. Bxe4 f5 17. Bc2 e5 18. Rad1 e4 19. c5
Qd8 20. Nxd4 Ng4 21. Nxf5 Qc7 22. Ng3 Bf5 23. h3 e3 24. Qb3+ Kh8 25. hxg4 Bxg4
26. Qxe3 Bxd1 27. Rxd1 Bxb2 28. Rb1 Qg7 29. Ne2 Be5 30. Be4 Qf6 31. Rxb7 Rd8
32. f3 Rd1+ 33. Kf2 Qa6 34. Qh6 1-0

[Event "Nationale 1 Toulouse-Grasse"]
[Site "Avignon"]
[Date "2007.11.25"]
[Round "3.8"]
[White "Sasot, E."]
[Black "Forestier, C."]
[Result "1/2-1/2"]
[WhiteElo "2151"]
[BlackElo "1975"]
[Annotator "Avignon,Club"]
[PlyCount "48"]
[EventDate "2007.??.??"]

{159MB, DFritz10.ctg} 1. d4 d5 2. c4 e6 3. Nc3 Nf6 4. Bg5 Nbd7 5. cxd5 exd5 6.
e3 Be7 7. Nf3 c6 8. Bd3 O-O 9. O-O Re8 10. Qc2 Nf8 11. h3 Ne4 12. Bxe7 Qxe7 13.
Rab1 Ng6 14. Nd2 Nxd2 15. Qxd2 Nh4 16. Qe2 Qg5 17. g4 Bf5 18. Bxf5 Nxf5 19. Qf3
Nd6 20. Qf4 Qxf4 21. exf4 Re7 22. Kg2 Rae8 23. Rfd1 Ne4 24. Kf3 Kf8 1/2-1/2

[Event "Nationale 1 Grasse-Toulouse"]
[Site "Avignon"]
[Date "2007.11.25"]
[Round "3.3"]
[White "Colovic, A."]
[Black "Heinis, V."]
[Result "1-0"]
[WhiteElo "2472"]
[BlackElo "2202"]
[Annotator "Avignon,Club"]
[PlyCount "65"]
[EventDate "2007.??.??"]

{159MB, DFritz10.ctg} 1. e4 c5 2. Nf3 Nc6 3. d4 cxd4 4. Nxd4 Nf6 5. Nc3 e5 6.
Ndb5 d6 7. Bg5 a6 8. Na3 b5 9. Nd5 Be7 10. Bxf6 Bxf6 11. c4 Nd4 12. cxb5 Bb7
13. Bc4 Qa5+ 14. Qd2 axb5 15. Bxb5+ Nxb5 16. Nxb5 Bxd5 17. Qxa5 Rxa5 18. Nc7+
Kd7 19. Nxd5 Rb8 20. b4 Ra3 21. Ke2 Bd8 22. Rhb1 Rba8 23. Rb2 Ke6 24. Ne3 Bb6
25. Nc2 Bd4 26. Nxd4+ exd4 27. b5 d5 28. exd5+ Kxd5 29. b6 Rb8 30. b7 Ra7 31.
Rab1 Kc6 32. Kd3 Ra4 33. Rc1+ 1-0

[Event "Nationale 1 Lyon-Avignon"]
[Site "Avignon"]
[Date "2007.11.25"]
[Round "3.8"]
[White "Mehiaoui, D."]
[Black "Bomba, M."]
[Result "1/2-1/2"]
[WhiteElo "1874"]
[BlackElo "1836"]
[Annotator "Avignon,Club"]
[PlyCount "60"]
[EventDate "2007.??.??"]

{159MB, DFritz10.ctg} 1. e4 {0} e5 2. d4 exd4 3. Qxd4 Nc6 4. Qe3 Nf6 5. Nc3 Bb4
6. Bd2 d6 7. O-O-O Qe7 8. Bd3 Bd7 9. f4 O-O-O 10. Nge2 Bc5 11. Qg3 Nb4 12. h3
Rde8 13. Rhe1 g6 14. Kb1 Nh5 15. Qf3 Nxd3 16. Qxd3 f5 17. Nd4 fxe4 18. Nxe4 Qf7
19. Nxc5 dxc5 20. Ne2 Bc6 21. g4 Nf6 22. Qa3 Kb8 23. Qxc5 Bg2 24. Qa3 a6 25.
Qg3 Bc6 26. Nc3 Rd8 27. Bc1 Rhe8 28. Rxe8 Rxe8 29. Re1 Rd8 30. Rd1 Re8 1/2-1/2

[Event "Nationale 1 Avignon-Lyon"]
[Site "Avignon"]
[Date "2007.11.25"]
[Round "3.1"]
[White "Lacasa Diaz, J."]
[Black "Barnaure, V."]
[Result "0-1"]
[WhiteElo "2393"]
[BlackElo "2474"]
[Annotator "Avignon,Club"]
[PlyCount "88"]
[EventDate "2007.??.??"]

{159MB, DFritz10.ctg} 1. e4 c6 2. d4 d5 3. exd5 cxd5 4. c4 Nf6 5. Nc3 e6 6. Nf3
Bb4 7. Bd3 dxc4 8. Bxc4 O-O 9. O-O Bxc3 10. bxc3 Qc7 11. Bd3 Nbd7 12. c4 b6 13.
Bb2 Bb7 14. Re1 Rfe8 15. Qe2 Rac8 16. Rac1 Qf4 17. Qe3 Qxe3 18. Rxe3 Rc7 19.
Bf1 Rec8 20. Rd1 h6 21. Ra3 Ba8 22. Bc1 Bxf3 23. gxf3 e5 24. dxe5 Nxe5 25. Bb2
Ng6 26. Rad3 Kh7 27. Rd8 Rxd8 28. Rxd8 Re7 29. Bc3 Nf4 30. Bb4 Rd7 31. Rxd7
Nxd7 32. Bd6 g5 33. h4 Kg6 34. Kh2 Kf5 35. hxg5 hxg5 36. Kg3 Nh5+ 37. Kh2 Ke6
38. Bc7 Ne5 39. Kg2 f5 40. Bd8 Nf6 41. c5 bxc5 42. Ba6 Nc6 43. Bc8+ Kf7 44. Bc7
Ne8 0-1

[Event "Nationale 1 Avignon-Lyon"]
[Site "Avignon"]
[Date "2007.11.25"]
[Round "3.5"]
[White "Cursoux, L."]
[Black "Ravot, S."]
[Result "1/2-1/2"]
[WhiteElo "2243"]
[BlackElo "2222"]
[Annotator "Avignon,Club"]
[PlyCount "60"]
[EventDate "2007.??.??"]

{159MB, DFritz10.ctg} 1. e4 c5 2. Nf3 e6 3. Nc3 d6 4. Bc4 Be7 5. O-O Nf6 6. d4
cxd4 7. Nxd4 O-O 8. Be2 Nc6 9. Be3 Bd7 10. f4 Nxd4 11. Qxd4 Bc6 12. Bf3 Qc7 13.
Rad1 Rfd8 14. Qc4 Rac8 15. Qe2 b5 16. a3 Qb7 17. e5 Bxf3 18. Qxf3 Qxf3 19. gxf3
dxe5 20. Rxd8+ Rxd8 21. fxe5 Nd5 22. Bxa7 Nxc3 23. bxc3 Bxa3 24. Bb6 Rd5 25.
Ra1 Bf8 26. Ra8 g5 27. Bd8 Bc5+ 28. Kg2 Kg7 29. Bf6+ Kh6 30. Rg8 Be3 1/2-1/2

[Event "Nationale 1 Avignon-Lyon"]
[Site "Avignon"]
[Date "2007.11.25"]
[Round "3.7"]
[White "Gregoire, S."]
[Black "Lacour"]
[Result "1-0"]
[WhiteElo "2253"]
[BlackElo "2186"]
[Annotator "Avignon,Club"]
[PlyCount "67"]
[EventDate "2007.??.??"]

{159MB, DFritz10.ctg} 1. d4 Nf6 2. c4 a6 3. Nc3 c5 4. d5 b5 5. Bg5 b4 6. Nb1 d6
7. f3 g6 8. e4 Bg7 9. Qd2 O-O 10. Bh6 e6 11. Bxg7 Kxg7 12. a3 a5 13. Ne2 Re8
14. Ng3 Ba6 15. Be2 Nbd7 16. O-O exd5 17. cxd5 Bxe2 18. Nxe2 Rb8 19. axb4 Rxb4
20. Nbc3 Ne5 21. Rfb1 Nc4 22. Qc1 Qb6 23. Ng3 h6 24. h4 Ne5 25. Qe3 Nfd7 26.
Ra2 Nc4 27. Qe2 f5 28. f4 fxe4 29. h5 Qd8 30. Qg4 Nde5 31. fxe5 Nxe5 32. Qe2
Qh4 33. Qf2 Nc4 34. Nf5+ 1-0

[Event "Nationale 1 Avignon-Lyon"]
[Site "Avignon"]
[Date "2007.11.25"]
[Round "3.4"]
[White "Renaze, L."]
[Black "Duquesnoy, JP."]
[Result "1-0"]
[WhiteElo "2346"]
[BlackElo "2259"]
[Annotator "Avignon,Club"]
[PlyCount "69"]
[EventDate "2007.??.??"]

{159MB, DFritz10.ctg} 1. d4 Nf6 2. c4 g6 3. Nc3 d5 4. Bg5 Ne4 5. Bh4 Nxc3 6.
bxc3 dxc4 7. e3 Be6 8. Nf3 Bg7 9. Be2 c5 10. O-O cxd4 11. Nxd4 Bd7 12. Bxc4 O-O
13. Rb1 Nc6 14. Rxb7 Na5 15. Rb4 Qc7 16. Bd5 Qxc3 17. Bxe7 Rad8 18. Nb5 Qe5 19.
Re4 Qb8 20. Nd6 Nc6 21. Bxd8 Nxd8 22. Re7 Qxd6 23. Bxf7+ Nxf7 24. Rxd7 Qxd1 25.
Rfxd1 a5 26. Ra7 Bc3 27. Rdd7 h5 28. h3 Be1 29. Kf1 Bc3 30. Ke2 Bb4 31. f4 Bc3
32. a3 Nh6 33. Rdc7 Bf6 34. Rc6 Bd8 35. Rxg6+ 1-0

[Event "Nationale 1 Avignon-Lyon"]
[Site "Avignon"]
[Date "2007.11.25"]
[Round "3.2"]
[White "Doncea, V."]
[Black "Rahal, M."]
[Result "1-0"]
[WhiteElo "2451"]
[BlackElo "2390"]
[Annotator "Avignon,Club"]
[PlyCount "69"]
[EventDate "2007.??.??"]

{159MB, DFritz10.ctg} 1. c4 b6 2. Nc3 Bb7 3. e4 e6 4. g3 Nf6 5. Bg2 c5 6. Nge2
d6 7. O-O a6 8. d3 Qc7 9. h3 Be7 10. f4 Nc6 11. Be3 O-O 12. g4 h6 13. Rc1 Rfe8
14. Bf2 Rad8 15. Qd2 Qb8 16. d4 cxd4 17. Nxd4 Nxd4 18. Bxd4 Nd7 19. Qf2 Nc5 20.
Rcd1 Qa8 21. Rfe1 Rc8 22. b3 b5 23. cxb5 axb5 24. b4 Na4 25. Nxb5 e5 26. fxe5
dxe5 27. Bxe5 Bxb4 28. Rf1 Rxe5 29. Qxf7+ Kh8 30. Rd7 Re7 31. Rxe7 Bxe7 32.
Qxe7 Re8 33. Qf7 Bxe4 34. Nd6 Bxg2 35. Nxe8 1-0

[Event "Nationale 1 Cannes-Besançon"]
[Site "Avignon"]
[Date "2007.11.25"]
[Round "3.1"]
[White "Govciyan, P."]
[Black "Charnushevich"]
[Result "1/2-1/2"]
[WhiteElo "2417"]
[BlackElo "2533"]
[Annotator "Avignon,Club"]
[PlyCount "73"]
[EventDate "2007.??.??"]

{159MB, DFritz10.ctg} 1. c4 {0} e6 2. g3 d5 3. Nf3 Nf6 4. Bg2 Be7 5. O-O O-O 6.
d4 c6 7. Qc2 Nbd7 8. Rd1 Ne4 9. b3 f5 10. Ba3 Bxa3 11. Nxa3 Qe7 12. Qb2 g5 13.
Nc2 g4 14. Ne5 Nxe5 15. dxe5 Bd7 16. f3 gxf3 17. exf3 Ng5 18. f4 Ne4 19. cxd5
exd5 20. Nd4 c5 21. Ne2 Bc6 22. Rac1 Rac8 23. a3 d4 24. b4 b6 25. a4 Kh8 26.
bxc5 bxc5 27. Qa3 Qe6 28. Bxe4 Bxe4 29. Rxc5 d3 30. Nd4 Qb6 31. Rc4 Rfd8 32. a5
Qb7 33. Rxc8 Qxc8 34. Qe7 Rxd4 35. Qf6+ Kg8 36. e6 Rd8 37. Qf7+ 1/2-1/2

[Event "Nationale 1 Grasse-Toulouse"]
[Site "Avignon"]
[Date "2007.11.25"]
[Round "3.1"]
[White "Dunis, A."]
[Black "Van Elst, A."]
[Result "1-0"]
[WhiteElo "2504"]
[BlackElo "2350"]
[Annotator "Avignon,Club"]
[PlyCount "75"]
[EventDate "2007.??.??"]

{159MB, DFritz10.ctg} 1. e4 {0} c5 2. Nf3 e6 3. c3 Nf6 4. e5 Nd5 5. d4 cxd4 6.
cxd4 d6 7. Bc4 Nc6 8. O-O Be7 9. Qe2 O-O 10. Nc3 Nxc3 11. bxc3 dxe5 12. dxe5
Qc7 13. Qe4 Rd8 14. Re1 g6 15. Bg5 Bxg5 16. Nxg5 h6 17. Nf3 Qe7 18. h4 Na5 19.
Bd3 Bd7 20. Re3 Rac8 21. h5 Bc6 22. Qb4 Qxb4 23. cxb4 Bxf3 24. hxg6 fxg6 25.
Rxf3 Nc6 26. Bxg6 Nxe5 27. Rg3 Kg7 28. Bh5+ Kf6 29. f4 Nd3 30. Rg6+ Kf5 31. Rf1
e5 32. Rg3 Rc3 33. Bg6+ Kf6 34. fxe5+ Kxe5 35. Kh2 Rd4 36. Rf5+ Kd6 37. Rff3
Rh4+ 38. Rh3 1-0

[Event "Nationale 1 Cannes-Besançon"]
[Site "Avignon"]
[Date "2007.11.25"]
[Round "3.3"]
[White "Sanchez, J."]
[Black "Sermier, G."]
[Result "1/2-1/2"]
[WhiteElo "2496"]
[BlackElo "2359"]
[Annotator "Avignon,Club"]
[PlyCount "84"]
[EventDate "2007.??.??"]

{159MB, DFritz10.ctg} 1. e4 c5 2. Nf3 d6 3. d4 cxd4 4. Nxd4 Nf6 5. Nc3 a6 6.
Be3 e6 7. g4 Nc6 8. g5 Nd7 9. h4 Nxd4 10. Qxd4 Ne5 11. O-O-O Nc6 12. Qd2 Qa5
13. f4 b5 14. Kb1 b4 15. Ne2 Bb7 16. Bh3 b3 17. a3 Qxd2 18. Bxd2 bxc2+ 19. Kxc2
Rc8 20. Bc3 Na7 21. Ng3 Nb5 22. Rhe1 Kd7 23. f5 g6 24. fxe6+ fxe6 25. e5 Nxc3
26. bxc3 d5 27. Rf1 Bxa3 28. Rf7+ Be7 29. Ne4 Rc6 30. Nf6+ Kd8 31. Nxd5 exd5
32. Rxd5+ Ke8 33. Rxe7+ Kxe7 34. Rd7+ Kf8 35. Rxb7 Rc5 36. e6 Re5 37. Kd3 h6
38. Kd4 Re1 39. Rb8+ Kg7 40. Rb7+ Kf8 41. Rb8+ Kg7 42. Rb7+ Kf8 1/2-1/2